000 01178nam a2200313 a 4500
001 000028707
003 DO-SdBPM
005 20250730122913.0
007 ta
008 110411s1993 dr ab 001 0 spa d
040 _aDO-SdBPM
_bspa
_erda
_cBPMSU
049 _a
082 4 _a972.93053
_bD473c 1993
_222
100 1 _aDespradel, Fidelio
_d1937-
_eautor
245 1 0 _aConjura submarina :
_bun esfuerzo temprano para ajusticiar a Trujillo /
_cFidelio Despradel.
264 _aSanto Domingo :
_bAlfa & Omega,
_c1993.
300 _a154, [68] páginas ;
_c21 cm.
_b
336 _atexto
_btxt
_2rdacontent
337 _asin mediación
_bn
_2rdamedia
338 _avolumen
_bnc
_2rdacarrier
500 _aIncluye referencias bibliográficas y notas al pie de las páginas.
590 _aInventariado, 2025/VM
600 1 4 _aTrujillo Molina, Rafael Leónidas
_d1891-1961
_xMuerte
650 _aHomicidio político
_zRepública Dominicana
651 7 _aRepública Dominicana
_xHistoria
_yEra de Trujillo, 1930-1961
651 7 _aRepública Dominicana
_xPolítica y gobierno
_yEra de Trujillo, 1930-1961
910 _aVMateo V. Control de calidad BPMSU
942 _2ddc
_cBK
999 _c12556
_d12556